000 01494nam a22002537a 4500
999 _c60611
_d60611
003 Ge_BSU
005 20230921161612.0
008 230921s2016 ge ||||| |||| 00| 0 geo d
020 _a9789941467530
041 _ageo
080 _a821.411.21-3 ქ-22
100 _aქანაფანი, ღასან
_919860
245 _aკაცები მზეში :
_b[რომანები, მოთხრობა] /
_cღასან ქანაფანი ; არაბულიდან თარგმნა დარეჯან გარდავაძემ ; რედაქტორი გიორგი ლობჟანიძე ; ყდის დიზაინერი ნატალია ავალიანი.
250 _aI ქართული გამოცემა
264 _aბათუმი :
_bწიგნები ბათუმში,
_c2016.
300 _a147 გვ. ;
_b20 სმ.
490 _aაღმოსავლური ბიბლიოთეკა.
653 _aრომანი
653 _aმოთხრობა
700 _aგარდავაძე, დარეჯან
_eმთარგმნელი,წინასიტყვაობის ავტორი.
_92409
700 _aლობჟანიძე, გიორგი
_eრედაქტორი
_96092
700 _aავალიანი, ნატალია
_eყდის დიზაინერი
_94152
942 _2udc
_cBK